000 00436nam a2200169Ia 4500
001 3885
005 20260306145716.0
008 260306t9999||||xx |||||||||||||| ||spa||
041 _aESP
082 _a305.242
_bA78
100 _aArtega Béjar, Yanet
_eAUT
245 0 _a¿Cuántos quiénes y cómo son los jóvenes del Sur andino?
300 _a155 páginas :
_c21 cm.
650 _aGEN
654 _aCHU
942 _cLIB
_dJUS
_fJUS
_2ddc
_n
999 _c3885
_d3885